LEADER 01186cam2-2200409---450- 001 990001318480203316 005 20121029161906.0 035 $a000131848 035 $aUSA01000131848 035 $a(ALEPH)000131848USA01 035 $a000131848 100 $a20031223f---0---9km-y0itay50------ba 101 1 $aita$cgrc 102 $aIT 105 $ay|||z|||001yy 200 1 $aDialoghi$fPlatone 210 $aBari$cLaterza 215 $avolumi$d22 cm 225 2 $aFilosofi antichi e medievali 410 0$1001000127082$12001$aFilosofi antichi e medievali 676 $a184 700 0$aPLATO$0292329 801 0$aIT$bsalbc$gISBD 912 $a990001318480203316 951 $aII.1. Coll. 14/(IV A Coll. 30/)$bL.M.$cII.1. Coll. 951 $aXV.8. Coll. 5/ 2/$bL.M.$cXV.8. Coll. 959 $aBK 969 $aUMA 969 $aFSO 979 $aSIAV4$b10$c20031223$lUSA01$h1553 979 $aSIAV4$b10$c20031223$lUSA01$h1554 979 $aSIAV4$b10$c20031223$lUSA01$h1615 979 $aSIAV4$b10$c20031223$lUSA01$h1616 979 $aPATRY$b90$c20040406$lUSA01$h1733 979 $aANNAMARIA$b90$c20121029$lUSA01$h1619 996 $aDialoghi$996584 997 $aUNISA LEADER 00932nam0-22003011i-450- 001 990000152680403321 035 $a000015268 035 $aFED01000015268 035 $a(Aleph)000015268FED01 035 $a000015268 100 $a20011111d--------km-y0itay50------ba 101 0 $aita 105 $ay-------001yy 200 1 $a<>fanteria di marina nel mondo$epanoramica su di una specialità che presenta quasi cinque secoli di storia$fFrancesco Fatutta. 210 $aRoma$cRivista marittima$d1994 215 $a110 p.$cill.$d24 cm 300 $aSuppl. a: Rivista marittima, n. 10, ottobre 1994 610 0 $aFanteria di marina 676 $a359.96 700 1$aFatutta,$bFrancesco$09393 801 0$aIT$bUNINA$gRICA$2UNIMARC 901 $aBK 912 $a990000152680403321 952 $a13 E 72 22$b7548/3$fFINBC 959 $aFINBC 996 $aFanteria di Marina nel mondo$934684 997 $aUNINA DB $aING01